Normal view
MARC view
- التفكير-علم النفس-العمليات العقلية
Entry Topical Term
001 - CONTROL NUMBER
- control field: 46013
003 - CONTROL NUMBER IDENTIFIER
- control field: JO-AjAnu
005 - DATE AND TIME OF LATEST TRANSACTION
- control field: 20230606081616.0
008 - FIXED-LENGTH DATA ELEMENTS
- fixed length control field: 230606|| aca||aabn | a|a d
040 ## - CATALOGING SOURCE
- Original cataloging agency: JO-AjAnu
- Transcribing agency: JO-AjAnu
150 ## - HEADING--TOPICAL TERM
- Topical term or geographic name entry element: التفكير-علم النفس-العمليات العقلية
670 ## - SOURCE DATA FOUND
- Source citation: Work cat.: (JO-AjAnu)23555: حسين، ثائر, author 46012, الشامل في مهارات التفكير